000 00259nam a2200097Ia 4500
001 644445
005 20250826153605.0
008 250824s9999 xx 000 0 und d
245 0 _aBilime Giriş Kuyrukluyıldızlar ve Meteorlar
260 _bTÜBİTAK YAYINLARI
999 _c644445
_d644445